| 000 | 01352aam a2200481a 44500 | ||
|---|---|---|---|
| 008 | 970916s1997 cat | ||
| 017 | _aB-33199-1997 | ||
| 020 | _a8441227675 | ||
| 041 | _acat | ||
| 041 | _beng | ||
| 041 | _bspa | ||
| 080 | _a504(038) | ||
| 110 |
_aTERMCAT _960609 |
||
| 245 |
_aDiccionari de gestió ambiental _cTERMCAT, Centre de Terminologia |
||
| 260 |
_aBarcelona _bEnciclopèdia Catalana _c1997 |
||
| 300 |
_a271 p. _c22 cm. |
||
| 365 | _b2.000 | ||
| 365 | _cptes | ||
| 490 | _aDiccionaris de l'Enciclopèdia. Diccionaris Terminològics | ||
| 500 | _aBibliografia: p. 265-271. Índexs | ||
| 500 | _aCategoria gramatical, arbre de camp, sinònims, remissions, sigles | ||
| 500 | _btermcat | ||
| 520 | _a1.695 | ||
| 546 | _acatalà | ||
| 591 | _aGESTAMB | ||
| 592 | _aObra terminològica | ||
| 593 | _aDN | ||
| 593 | _aDNG | ||
| 594 | _a5326 | ||
| 650 |
_acontaminació _962107 |
||
| 650 |
_agestió ambiental _967242 |
||
| 650 |
_aimpacte ambiental _967241 |
||
| 650 |
_amedi ambient _960842 |
||
| 830 |
_aDiccionaris de l'Enciclopèdia. Diccionaris Terminològics _967240 |
||
| 901 | _c<1997> | ||
| 902 | _a970916 | ||
| 942 |
_cMO _n0 _2ddc |
||
| 999 |
_c56041 _d56041 |
||